<?xml version="1.0" encoding="UTF-8"?>
<record
    xmlns:xsi="http://www.w3.org/2001/XMLSchema-instance"
    xsi:schemaLocation="http://www.loc.gov/MARC21/slim http://www.loc.gov/standards/marcxml/schema/MARC21slim.xsd"
    xmlns="http://www.loc.gov/MARC21/slim">

  <leader>03322nam a2200493 a 4500</leader>
  <controlfield tag="001">000103695</controlfield>
  <controlfield tag="003">CHAP</controlfield>
  <controlfield tag="005">20250210122116.0</controlfield>
  <controlfield tag="007">cr ||||||a|c|a</controlfield>
  <controlfield tag="008">101215s2010    mx      r     00010 spa d</controlfield>
  <datafield tag="035" ind1=" " ind2=" ">
    <subfield code="a">111816</subfield>
  </datafield>
  <datafield tag="040" ind1=" " ind2=" ">
    <subfield code="c">CHAP</subfield>
  </datafield>
  <datafield tag="090" ind1=" " ind2=" ">
    <subfield code="a">Tesis</subfield>
  </datafield>
  <datafield tag="100" ind1="1" ind2=" ">
    <subfield code="a">Reyes Flores, Maciel</subfield>
    <subfield code="9">96826</subfield>
  </datafield>
  <datafield tag="245" ind1="1" ind2="0">
    <subfield code="a">Evaluaci&#xF3;n del trasplante de ma&#xED;z en tres etapas de desarrollo</subfield>
    <subfield code="c">/por Maciel Reyes Flores; director de tesis Luis Manuel Serrano Covarrubias.</subfield>
  </datafield>
  <datafield tag="264" ind1=" " ind2="1">
    <subfield code="a">Chapingo, M&#xE9;x. :</subfield>
    <subfield code="b">El autor,</subfield>
    <subfield code="c">2010.</subfield>
  </datafield>
  <datafield tag="300" ind1=" " ind2=" ">
    <subfield code="a">1 recurso en l&#xED;nea (47 p&#xE1;ginas):</subfield>
    <subfield code="b">cuadros, figuras.</subfield>
  </datafield>
  <datafield tag="336" ind1=" " ind2=" ">
    <subfield code="2">rdacontent</subfield>
    <subfield code="a">texto</subfield>
    <subfield code="b">txt</subfield>
  </datafield>
  <datafield tag="337" ind1=" " ind2=" ">
    <subfield code="2">rdamedia</subfield>
    <subfield code="a">computadora</subfield>
    <subfield code="b">c</subfield>
  </datafield>
  <datafield tag="338" ind1=" " ind2=" ">
    <subfield code="2">rdacarrier</subfield>
    <subfield code="a">recursos en l&#xED;nea</subfield>
    <subfield code="b">cr</subfield>
  </datafield>
  <datafield tag="502" ind1=" " ind2=" ">
    <subfield code="b">IAEF</subfield>
    <subfield code="c">Fitotecnia</subfield>
    <subfield code="d">2010.</subfield>
    <subfield code="g">LIC</subfield>
  </datafield>
  <datafield tag="520" ind1=" " ind2=" ">
    <subfield code="a">El objetivo del presente estudio fue determinar la mejor etapa de trasplante y el efecto del desarrollo de las pl&#xE1;ntulas sobre el rendimiento comercial de grano de dos genotipos mexicanos de ma&#xED;z (Cuarentano y Cafime). Los m&#xE9;todos evaluados fueron siembra directa y trasplante a primera, tercera y quinta hoja ligulada. El experimento fue establecido en el ciclo PV-2009 en el Campo Agr&#xED;cola Experimental de la Universidad Aut&#xF3;noma Chapingo (CAEUACh), bajo condiciones de temporal y un dise&#xF1;o de bloques completos al azar con 5 repeticiones. Las variables evaluadas fueron altura de planta (AP), rendimiento total de grano (RTG), peso total de olote (PTO), largo de mazorca (LM) y di&#xE1;metro de mazorca (DM). Los datos se sometieron a un an&#xE1;lisis de varianza, comparaci&#xF3;n de medias de Tukey (&#x3B1;=0.05) y un an&#xE1;lisis de correlaci&#xF3;n. Para el factor genotipo y &#xE9;poca de establecimiento el an&#xE1;lisis de varianza mostr&#xF3; diferencias altamente significativas (&#x3B1;=0.01) significativas en AP, RTG, PTO y LM, significativamente (&#x3B1;=0.05) para DM en el factor genotipo y no significancia en la &#xE9;poca de establecimiento. En la interacci&#xF3;n genotipo por &#xE9;poca hubo diferencias altamente significativas (&#x3B1;=0.01) en RTG y PTO. Por el efecto de genotipo por &#xE9;poca de establecimiento el genotipo Cafime mostr&#xF3; los mejores rendimientos de grano al ser trasplantado a los 9 y 17 d&#xED;as despu&#xE9;s de la siembra. Cuarentano manifest&#xF3; el mejor rendimiento cuando se trasplant&#xF3; a los 21 d&#xED;as despu&#xE9;s de la siembra, aunque estad&#xED;sticamente no hubo diferencias (&#x3B1;=0.05).</subfield>
  </datafield>
  <datafield tag="590" ind1=" " ind2=" ">
    <subfield code="a">ALEPH</subfield>
    <subfield code="b">10</subfield>
    <subfield code="c">20130110</subfield>
  </datafield>
  <datafield tag="590" ind1=" " ind2=" ">
    <subfield code="a">BATCH-UPD</subfield>
    <subfield code="b">10</subfield>
    <subfield code="c">20130110</subfield>
  </datafield>
  <datafield tag="590" ind1=" " ind2=" ">
    <subfield code="a">BATCH-UPD</subfield>
    <subfield code="b">10</subfield>
    <subfield code="c">20130410</subfield>
  </datafield>
  <datafield tag="590" ind1=" " ind2=" ">
    <subfield code="a">BATCH-UPD</subfield>
    <subfield code="b">10</subfield>
    <subfield code="c">20130914</subfield>
  </datafield>
  <datafield tag="590" ind1=" " ind2=" ">
    <subfield code="a">BATCH-UPD</subfield>
    <subfield code="b">10</subfield>
    <subfield code="c">20140324</subfield>
  </datafield>
  <datafield tag="590" ind1=" " ind2=" ">
    <subfield code="a">BATCH-UPD</subfield>
    <subfield code="b">10</subfield>
    <subfield code="c">20141002</subfield>
  </datafield>
  <datafield tag="590" ind1=" " ind2=" ">
    <subfield code="a">CONVERSION</subfield>
    <subfield code="b">10</subfield>
    <subfield code="c">20130109</subfield>
  </datafield>
  <datafield tag="590" ind1=" " ind2=" ">
    <subfield code="a">E12093SGE</subfield>
    <subfield code="b">10</subfield>
    <subfield code="c">20130710</subfield>
  </datafield>
  <datafield tag="650" ind1="1" ind2="4">
    <subfield code="a">Crecimiento.</subfield>
    <subfield code="9">28871</subfield>
  </datafield>
  <datafield tag="650" ind1="1" ind2="4">
    <subfield code="a">Cultivos</subfield>
    <subfield code="z">M&#xE9;xico (Edo.).</subfield>
    <subfield code="9">30364</subfield>
  </datafield>
  <datafield tag="650" ind1="1" ind2="4">
    <subfield code="a">Evaluaci&#xF3;n.</subfield>
    <subfield code="9">38913</subfield>
  </datafield>
  <datafield tag="650" ind1="1" ind2="4">
    <subfield code="a">Ma&#xED;z</subfield>
    <subfield code="x">Trasplante.</subfield>
    <subfield code="9">71075</subfield>
  </datafield>
  <datafield tag="650" ind1="1" ind2="4">
    <subfield code="a">Pl&#xE1;ntulas</subfield>
    <subfield code="x">Germinaci&#xF3;n.</subfield>
    <subfield code="9">89195</subfield>
  </datafield>
  <datafield tag="700" ind1="1" ind2=" ">
    <subfield code="a">Serrano Covarrubias, Luis Manuel</subfield>
    <subfield code="9">105212</subfield>
    <subfield code="e">Director de tesis.</subfield>
  </datafield>
  <datafield tag="856" ind1=" " ind2=" ">
    <subfield code="u">http://10.13.5.2/tesis/111816.pdf</subfield>
    <subfield code="z">DESCARGAR PDF</subfield>
  </datafield>
  <datafield tag="901" ind1=" " ind2=" ">
    <subfield code="a">BK</subfield>
  </datafield>
  <datafield tag="942" ind1=" " ind2=" ">
    <subfield code="c">TD</subfield>
    <subfield code="2">Clasificaci&#xF3;n Universidad Aut&#xF3;noma Chapingo</subfield>
  </datafield>
  <datafield tag="949" ind1=" " ind2=" ">
    <subfield code="a">Tesis</subfield>
    <subfield code="b">BC</subfield>
    <subfield code="c">TES</subfield>
    <subfield code="d">33724002224553</subfield>
    <subfield code="e">TS1</subfield>
    <subfield code="g">Donaci&#xD8;n</subfield>
    <subfield code="h">51636</subfield>
    <subfield code="i">111816</subfield>
    <subfield code="s">t</subfield>
  </datafield>
  <datafield tag="949" ind1=" " ind2=" ">
    <subfield code="a">Tesis</subfield>
    <subfield code="b">BC</subfield>
    <subfield code="c">TES</subfield>
    <subfield code="d">33724002224595</subfield>
    <subfield code="e">TS2</subfield>
    <subfield code="f">c.2</subfield>
    <subfield code="g">Donaci&#xD8;n</subfield>
    <subfield code="h">51637</subfield>
    <subfield code="i">111816</subfield>
    <subfield code="s">t</subfield>
  </datafield>
  <datafield tag="999" ind1=" " ind2=" ">
    <subfield code="c">100158</subfield>
    <subfield code="d">100158</subfield>
  </datafield>
  <datafield tag="952" ind1=" " ind2=" ">
    <subfield code="0">0</subfield>
    <subfield code="1">0</subfield>
    <subfield code="2">local</subfield>
    <subfield code="4">0</subfield>
    <subfield code="5">1</subfield>
    <subfield code="7">0</subfield>
    <subfield code="8">TesDigL</subfield>
    <subfield code="a">BD</subfield>
    <subfield code="b">BD</subfield>
    <subfield code="c">E_L</subfield>
    <subfield code="d">2019-12-31</subfield>
    <subfield code="l">0</subfield>
    <subfield code="o">Tesis digital</subfield>
    <subfield code="r">2019-12-31 00:00:00</subfield>
    <subfield code="w">2019-12-31</subfield>
    <subfield code="y">TD</subfield>
  </datafield>
</record>
